Unstable SMP Builds - Statistics

General Stats
  • This quiz has been taken 155 times
  • The average score is 6 of 16
Answer Stats
Picture Answer % Correct
Merchant City
68%
Zam Empire
63%
The Underworld
62%
District 13
60%
Northern Council
49%
Paragon
48%
Verdaria
46%
The End Civilization
45%
Far Lands Civilization
36%
Lomedy's Farm
36%
Mafia City
25%
ManePear's Treehouse
16%
Ranger Point
10%
BAT HQ 2.0
6%
Eggchan's Civilization
6%
Pyramid of Anubis
4%
No matching quizzes found
Score Distribution
Percent of People with Each Score
Percentile by Number Answered
Your Score History
You have not taken this quiz